Постановление ГКО СССР № 5483 с об обеспечении выпуска турбокислородных установок системы академика Капицы, с приложением ведомо...

RUSMARC
00004927cbm0a2200301#x 450
00129507ab6-16f9-4a3a-84cc-a9b9fa590940
00520250926145312.0
100##$a20250926j19440327k###0rusy50 ca
1010#$arus
102##$aRU
105##$ay###z########
1220#$ad19440327##
2001#$aПостановление ГКО СССР № 5483 с об обеспечении выпуска турбокислородных установок системы академика Капицы, с приложением ведомостей материалов, оборудования, изделий, удобрений, горючего, скота, квалифицированных рабочих и перечня мероприятий по обеспечению Главкислорода при СНК СССР материалами и оборудованием
$j27 марта 1944 г.
251##$cДокумент
300##$aРассылочный и подлинный экземпляры
461#0$12001
$aФ. 644
$1251
$cФонд
$1852
$j644
462#0$12001
$aОп. 1
$1251
$cОпись
$1852
$j1
60101$2nlr_sh
$3RU\NLR\AUTH\661357732
$aСССР
$bГосударственный Комитет Обороны
$jДокументы и материалы
605##$2prlib_sh
$3LIBNET\UAF\0000088514
$aВторая мировая война в архивных документах (Комплекс оцифрованных архивных документов, кино- и фотоматериалов)
$lколлекция
6061#$2nlr_sh
$3RU\NLR\AUTH\661323374
$aПромышленность
$xИстория
$yСССР
$z1941 - 1945
$jДокументы и материалы
6061#$2nlr_sh
$3RU\NLR\AUTH\661280795
$aВеликая Отечественная война
$z1941 - 1945
$xТыл(воен.)
$jДокументы и материалы
6061#$2nlr_sh1
$3RU\NLR\AUTH\66229842
$aТурбодетандеры воздухоразделительных установок
$jДокументы и материалы
686##$a63.3(2)622,13-202ю11
$vLBC/M
$2rubbk
801#0$aRU
$bПБ им. Б.Н. Ельцина
$c20250926
801#1$aRU
$bПБ им. Б.Н. Ельцина
$c20250926
$2rusmarc
801#2$aRU
$bПБ им. Б.Н. Ельцина
$c20250926
$2rusmarc
850##$aРоссийский государственный архив социально-политической истории
852##$aРГАСПИ
$jД. 221. Л. 120-155; Оп. 2. Д. 299. Л. 93-128об.
035##$aLIBNET\0001500757
937##$d197729942
$hФедеральное архивное агентство
8564#$uhttp://readingroom.main.prlib.ru/item.aspx?id_node=n197729942&mode=full
Формат отображения